B-Straßen die im Salzburg drinnen sind? - Statistiken

Allgemein
  • Dieses Quiz wurde 11 mal gespielt
  • Das Durchschnittsergebnis liegt bei 13 aus 26
Antwortstatistiken
Welche Eigene Name Die B-Nummer: % Korrekt
Wiener B1
100%
Katschberg B99
78%
Großglockner B107
56%
Felbertauern B108
56%
Salzburg B150
56%
Lamprechtshausen B156
56%
Salzachtal B159
56%
Lammertal B162
56%
Murtal B96
56%
Braunauer B147
44%
Seeleiten B152
44%
Mondsee B154
44%
Münchener B155
44%
Wolfgangsee B158
44%
Berchtesgadener B160
44%
Pass Thurn B161
44%
Wagrainer B163
44%
Hochkönig B164
44%
Gerlos B165
44%
Pass Gschutt B166
44%
Gasteiner B167
44%
Mittersiller B168
44%
Loferer B178
44%
Turracher B95
44%
Pinzauger B311
33%
Ennstal (E651) B320
22%
Keine übereinstimmenden Quizze gefunden
Verteilung der Resultate
Anzahl Personen mit jedem Resultat
Perzentil nach korrekt beantworteten Fragen
Ihre Resultats-Entwicklung
Sie haben dieses Quiz noch nicht gespielt